[Event "Florence op-B 6th"]
[Site "Florence"]
[Date "2012.11.03"]
[Round "4"]
[White "Manneschi, Fabrizio"]
[Black "Aversa, Alessandro"]
[Result "0-1"]
[WhiteElo "1386"]
[BlackElo "1389"]
[PlyCount "34"]
[EventDate "2012.11.01"]
[EventType "swiss"]
[EventRounds "7"]
[EventCountry "ITA"]
[SourceTitle "EXT 2024"]
[Source "ChessBase"]
[SourceDate "2023.10.10"]
[SourceVersion "1"]
[SourceVersionDate "2023.10.10"]
[SourceQuality "1"]

1. e4 d5 2. Nc3 d4 3. Nce2 e5 4. d3 Nc6 5. Nf3 Be7 6. c3 f5 7. Qb3 fxe4 8. dxe4 b6 9. Qa4 Bd7 10. cxd4 Nxd4 11. Qd1 Nxf3+ 12. gxf3 Bb4+ 13. Bd2 Ba4 14. Qxa4+ Qd7 15. Qxb4 Ne7 16. Qb3 0-0-0 17. f4 Qxd2# 0-1

[Event "Florence op-B 6th"]
[Site "Florence"]
[Date "2012.11.02"]
[Round "3"]
[White "Moroni, Fabrizio"]
[Black "Manneschi, Fabrizio"]
[Result "1-0"]
[WhiteElo "1137"]
[BlackElo "1386"]
[PlyCount "89"]
[EventDate "2012.11.01"]
[EventType "swiss"]
[EventRounds "7"]
[EventCountry "ITA"]
[SourceTitle "EXT 2024"]
[Source "ChessBase"]
[SourceDate "2023.10.10"]
[SourceVersion "1"]
[SourceVersionDate "2023.10.10"]
[SourceQuality "1"]

1. e4 e5 2. Nf3 Nc6 3. d4 d6 4. Bd3 Bg4 5. dxe5 Nxe5 6. Be2 Nf6 7. Nxe5 dxe5 8. Qxd8+ Rxd8 9. Bxg4 Nxg4 10. 0-0 Bc5 11. Be3 Nxe3 12. fxe3 Bxe3+ 13. Kh1 0-0 14. c4 Rd4 15. Nc3 Rfd8 16. Nd5 Rxc4 17. Nxe3 Rxe4 18. Rfe1 c5 19. Kg1 Rd3 20. Rad1 Rexe3 21. Rxd3 Rxd3 22. Rxe5 Rd1+ 23. Kf2 Rd2+ 24. Ke3 Rd8 25. Rxc5 Re8+ 26. Kf2 b6 27. Rc7 Ra8 28. b3 g6 29. g4 a5 30. h4 Rf8 31. Rb7 f5 32. Kf3 h5 33. gxh5 gxh5 34. Rxb6 Kg7 35. Kf4 Rf6 36. Rb5 Ra6 37. Kxf5 Kh6 38. a4 Ra7 39. Rb6+ Kg7 40. Kg5 Re7 41. Kxh5 Re5+ 42. Kg4 Re4+ 43. Kf5 Rb4 44. Rxb4 axb4 45. a5 1-0

[Event "Florence op-B 6th"]
[Site "Florence"]
[Date "2012.11.01"]
[Round "1"]
[White "Fornai, Francesco"]
[Black "Manneschi, Fabrizio"]
[Result "1-0"]
[WhiteElo "1476"]
[BlackElo "1386"]
[PlyCount "39"]
[EventDate "2012.11.01"]
[EventType "swiss"]
[EventRounds "7"]
[EventCountry "ITA"]
[SourceTitle "EXT 2024"]
[Source "ChessBase"]
[SourceDate "2023.10.10"]
[SourceVersion "1"]
[SourceVersionDate "2023.10.10"]
[SourceQuality "1"]

1. e4 e5 2. Nf3 Nc6 3. Bc4 Nh6 4. d4 d6 5. Bxh6 gxh6 6. dxe5 Bg4 7. h3 Bh5 8. exd6 Na5 9. Bd3 Qxd6 10. Nc3 0-0-0 11. 0-0 Rg8 12. Qe2 Qg6 13. g3 Re8 14. e5 f6 15. Bxg6 Bxg6 16. Qb5 Nc6 17. exf6 Re5 18. Nxe5 Nxe5 19. Qxe5 Bd6 20. Qe6+ 1-0